000
00281nam a2200097 4500
999
_c
514194
_d
514194
082
_a
B142x5444 K147f
100
_a
Karnataka. Fiscal policy Institute
_9
18596
245
_a
Facilitating gender audit: a guide for Auditors, Trainers and Researchers
260
_a
2019
300
_a
206p.